| 000 | 00349nam a22001457a 4500 | ||
|---|---|---|---|
| 003 | macl | ||
| 005 | 20190828154734.0 | ||
| 008 | 190828b xxu||||| |||| 00| 0 eng d | ||
| 040 | _cmacl | ||
| 100 |
_aSingh, Lavkush _976428 |
||
| 245 | _aThree Great Gods | ||
| 260 |
_aGhazisbad _bAnimesh Pub _c2018 |
||
| 650 |
_aReligion _976429 |
||
| 942 |
_2ddc _cBK |
||
| 999 |
_c60861 _d60861 |
||